000
00356nam a2200157 a 4500
001
4140
005
20140414131852.0
008
090218s19uu xx 00 eng d
050
_a
M 612.8
_b
H49 2005
100
_a
Hewitt, Sally
245
_a
Look here!.
440
_a
Let's start! Science
650
_a
Body senses
650
_a
Eyes
999
_c
110240
_d
110240